| 000 | 00458cam a2200181ua 4500 | ||
|---|---|---|---|
| 020 | _c75 | ||
| 041 |
_aeng _h |
||
| 082 |
_a005.369 _bWEM/TE |
||
| 100 | _aWempen, Faithe . | ||
| 245 |
_aTen minute guide to Microsoft power point 2000 / _cFaithe Wempen. _hTextual Documents |
||
| 250 |
_a1 / _b. |
||
| 260 |
_aNew Delhi : _bPractice Hall of India , _c1999. |
||
| 300 | _a210 ; . | ||
| 365 | _a75 | ||
| 504 | _a | ||
| 942 | _cBK | ||
| 999 |
_c2971 _d2971 |
||